Riconosci il Calciatore - Quiz n°27 - Statistics

Statistiche generali
  • Questo quiz è stato fatto 35 volte
  • Il punteggio medio è 15 su 21
Statistiche sulle risposte
Indizio Risposta % Corretto
Nazionalità Italia
94%
Squadra di club 8 Spezia 2020-
94%
Squadra di club 7 AEK Atene 2019-2020
90%
Ruolo Centrocampista / Attaccante
87%
Data di nascita 20/06/1996
84%
Squadra di club 6 Real Valladolid 2018-2019
81%
Squadra di club 5 Hellas Verona 2017-2018
77%
Trofei per club 0
68%
Altezza 168 cm
68%
Squadra di club 4 Avellino 2016-2017
68%
Squadra di club 2 Frosinone 2015-2016
68%
Squadra di club 3 Pescara 2016-2016
68%
Squadra di club 1 Roma 2014-2015
68%
Trofei per nazionali 0
61%
Trofei individuali 0
61%
Peso 64 kg
61%
Presenze in nazionale 0
58%
Presenze nei club 255
58%
Gol nei club 52
58%
Gol in nazionale 0
55%
Calciatore Daniele Verde
55%
Nessun quiz corrispondente trovato
Distribuzione punteggi
Percentuale di utenti per punteggio
Percentile per numero di risposta
I tuoi punteggi nel tempo
Non hai fatto questo quiz